مكتبة جامعة عجلون الوطنية

فهرس بحث المكتبة

Normal view MARC view
  • التمويل الاسلامي-اعادة اعمار ليبيا

Entry Topical Term

Number of records used in: 1

001 - CONTROL NUMBER

  • control field: 58210

003 - CONTROL NUMBER IDENTIFIER

  • control field: JO-AjAnu

005 - DATE AND TIME OF LATEST TRANSACTION

  • control field: 20230606083528.0

008 - FIXED-LENGTH DATA ELEMENTS

  • fixed length control field: 230606|| aca||aabn | a|a d

040 ## - CATALOGING SOURCE

  • Original cataloging agency: JO-AjAnu
  • Transcribing agency: JO-AjAnu

150 ## - HEADING--TOPICAL TERM

  • Topical term or geographic name entry element: التمويل الاسلامي-اعادة اعمار ليبيا

670 ## - SOURCE DATA FOUND

  • Source citation: Work cat.: (JO-AjAnu)29696: اعداد مبروكه بكار محمد ؛ اشراف محمود سليم الشويات, author 58209, امكانية توظيف اساليب التمويل الاسلاميه في اعادة اعمار ليبيا (دراسه ميدانيه) : The possibility of applying the islamic financing techiques in reconstruction of libya